| Tag |
First Indicator |
Second Indicator |
Subfields |
| LEADER |
00000cas a2200000 a 4500 |
| 001 |
in00002785607 |
| 005 |
20151202172118.0 |
| 006 |
m o d |
| 007 |
cr ||||||||||| |
| 008 |
050614c19849999inutr poo o 0 0eng c |
| 010 |
|
|
|a 2009235657
|
| 016 |
7 |
|
|a 996684239
|2 DE-101
|
| 016 |
7 |
|
|a 2514362-1
|2 DE-600
|
| 019 |
|
|
|a 707334272
|
| 022 |
|
|
|y 0888-3769
|
| 029 |
0 |
|
|a OCLCS
|b 11651
|
| 029 |
1 |
|
|a NZ1
|b 13104065
|
| 029 |
1 |
|
|a AU@
|b 000044655871
|
| 029 |
1 |
|
|a AU@
|b 000044943746
|
| 029 |
1 |
|
|a GWDNB
|b 996684239
|
| 035 |
|
|
|a (OCoLC)ocm60617141
|
| 035 |
|
|
|a (OCoLC)60617141
|z (OCoLC)707334272
|
| 040 |
|
|
|a OCLCS
|c OCLCS
|d EYM
|d HUL
|d OCLCE
|d GWDNB
|d HUL
|d OCLCQ
|d TXA
|d UtOrBLW
|
| 042 |
|
|
|a pcc
|
| 049 |
|
|
|a TXAM
|
| 050 |
|
4 |
|a PN49
|b .R39
|
| 082 |
0 |
4 |
|a 809/.005
|2 20
|
| 090 |
|
|
|a PN2
|b .N6 Electronic
|
| 130 |
0 |
|
|a Religion & literature (Online)
|
| 245 |
1 |
0 |
|a Religion & literature.
|
| 246 |
3 |
|
|a Religion and literature
|
| 246 |
1 |
3 |
|a R & L
|
| 246 |
3 |
0 |
|a R and L
|
| 264 |
|
1 |
|a Notre Dame, Ind. :
|b Dept. of English, University of Notre Dame,
|c 1984-
|
| 310 |
|
|
|a Three no. a year
|
| 336 |
|
|
|a text
|b txt
|2 rdacontent
|
| 337 |
|
|
|a computer
|b c
|2 rdamedia
|
| 338 |
|
|
|a online resource
|b cr
|2 rdacarrier
|
| 362 |
0 |
|
|a Vol. 16, no. 1 (winter 1984)-
|
| 500 |
|
|
|a Title from cover (JSTOR, viewed Sept. 2, 2009).
|
| 538 |
|
|
|a Mode of access: World Wide Web.
|
| 555 |
|
|
|a Vols. 18 (1986)-28 (1996), in v. 29, no. 2; v.29 (1997)-34 (2002), in v. 36, no. 1.
|
| 588 |
|
|
|a Latest issue consulted: Vol. 37, no. 3 (autumn 2005) (JSTOR, viewed Sept. 2, 2009).
|
| 500 |
|
|
|a Electronic resource.
|
| 650 |
|
0 |
|a Religion and literature
|v Periodicals.
|
| 650 |
|
0 |
|a Religion in literature
|v Periodicals.
|
| 650 |
|
6 |
|a Religion et littérature
|v Périodiques.
|
| 650 |
|
6 |
|a Religion dans la littérature
|v Périodiques.
|
| 710 |
2 |
|
|a University of Notre Dame.
|b Department of English.
|
| 776 |
0 |
8 |
|i Also issued in print:
|t Religion & literature
|x 0888-3769
|w (DLC) 89647093
|w (OCoLC)10673651
|
| 780 |
0 |
0 |
|t Notre Dame English journal
|w (DLC) 2009235658
|w (OCoLC)435619561
|
| 948 |
|
|
|a cataloged
|b h
|c 2012/12/17
|d c
|e spoltoratski
|f 11:08:21 am
|g sc
|
| 994 |
|
|
|a C0
|b TXA
|
| 999 |
|
|
|a MARS
|
| 999 |
f |
f |
|s 54e2b2b0-1a79-3941-b220-70ab802ca517
|i 717e2bc4-57b7-33c0-a9a8-1f009f794e5b
|t 0
|
| 952 |
f |
f |
|a Texas A&M University
|b College Station
|c Electronic Resources
|d Available Online
|t 0
|e PN2 .N6
|g Electronic
|h Library of Congress classification
|
| 998 |
f |
f |
|a PN2 .N6
|t 0
|l Available Online
|